Action research and peasant resistance: some experiences in the third world
Na minha lista:
| Autor principal: | |
|---|---|
| Autor Corporativo: | |
| Formato: | Anais de Congresso |
| Publicado em: |
Cartagena :
A.I.S.
|
| Tags: |
Adicionar Tag
Sem tags, seja o primeiro a adicionar uma tag!
|
MARC
| LEADER | 00000 a a2200000 04500 | ||
|---|---|---|---|
| 001 | 16690 | ||
| 003 | |||
| 040 | |||
| 020 | |a [sin ISBN] | ||
| 090 | |a 1001 A188a | ||
| 100 | |a Huizer, Gerrit | ||
| 111 | |a Symposium Action rresearch and scientific analysis= Investigación activa y análisis científico (Cartagena, Colombia. Abril 18-23, 1977). | ||
| 245 | |a Action research and peasant resistance: some experiences in the third world | ||
| 260 | |a Cartagena : |b A.I.S. | ||
| 300 | |a 40 p. | ||
| 999 | |c 10589 |d 10589 | ||
